000
00294nam a22001337a 4500
008
171002b xxu||||| |||| 00| 0 eng d
020
_a
0899084443
041
_a
eng
080
_a
37
100
_a
47
101
_a
EDU
245
_a
JAPAN OPPOSING VIEWPOINTS
_c
BENDER.D.L
942
_2
udc
_c
BK
999
_c
31095
_d
31095